Value-added application of waste rubber and waste plastic in asphalt binder as a multifunctional additive (Record no. 72062)
[ view plain ]
| 000 -LEADER | |
|---|---|
| fixed length control field | 00631nam a2200229Ia 4500 |
| 100 ## - MAIN ENTRY--AUTHOR NAME | |
| Personal name | Ling T |
| 245 #0 - TITLE STATEMENT | |
| Title | Value-added application of waste rubber and waste plastic in asphalt binder as a multifunctional additive |
| 260 ## - PUBLICATION, DISTRIBUTION, ETC. (IMPRINT) | |
| Name of publisher | Materials, 12. 2019. doi:10.3390/ma12081280 |
| 500 ## - GENERAL NOTE | |
| General note | Source Year: 2019 |
| 650 ## - SUBJECT ADDED ENTRY--TOPICAL TERM | |
| Topical Term | Asphalt binder |
| 650 ## - SUBJECT ADDED ENTRY--TOPICAL TERM | |
| Topical Term | Rheological properties |
| 650 ## - SUBJECT ADDED ENTRY--TOPICAL TERM | |
| Topical Term | Warm mix |
| 650 ## - SUBJECT ADDED ENTRY--TOPICAL TERM | |
| Topical Term | Waste plastic |
| 650 ## - SUBJECT ADDED ENTRY--TOPICAL TERM | |
| Topical Term | Waste rubber |
| 700 ## - ADDED ENTRY--PERSONAL NAME | |
| Personal name | Li C |
| 700 ## - ADDED ENTRY--PERSONAL NAME | |
| Personal name | Lu Y |
| 700 ## - ADDED ENTRY--PERSONAL NAME | |
| Personal name | Oeser M |
| 700 ## - ADDED ENTRY--PERSONAL NAME | |
| Personal name | Zhang Z |
| 856 ## - ELECTRONIC LOCATION AND ACCESS | |
| Uniform Resource Identifier | Copy |
| 942 ## - ADDED ENTRY ELEMENTS (KOHA) | |
| Koha item type | Journals |
| Withdrawn status | Lost status | Damaged status | Not for loan | Home library | Current library | Shelving location | Date acquired | Koha item type |
|---|---|---|---|---|---|---|---|---|
| Journals | RRII Library | RRII Library | Rubber technology | 17/12/2021 | Journals |